000 00768nam a22002654a 4500
001 UByD004220
003 AR-LpoUNG
005 20260108121334.0
008 250925s2023 ag gr 000 1 spa d
020 _a9789871768790
040 _aAR-LpoUNG
_bspa
_cAR-LpoUNG
_eaacr
041 0 _aspa
082 0 _aA863 994esf
100 1 _aMuzzio, Diego
245 1 4 _aLas esferas invisibles
250 _a1ra. ed.
260 _aBuenos Aires :
_bEntropĂ­a,
_c2023.
300 _a216 p.
490 0 _aIdentidades bonaerenses
650 4 _aLiteratura argentina
650 4 _aNarrativa
650 4 _aNovelas
942 _2ddc
_cLIB
999 _c67211
_d67211